Normal view
MARC view
- الذنون، عبد الحكيم
Entry Personal Name
001 - CONTROL NUMBER
- control field: 20364
003 - CONTROL NUMBER IDENTIFIER
- control field: JO-AjAnu
005 - DATE AND TIME OF LATEST TRANSACTION
- control field: 20230606073538.0
008 - FIXED-LENGTH DATA ELEMENTS
- fixed length control field: 230606|| aca||aabn | a|a d
040 ## - CATALOGING SOURCE
- Original cataloging agency: JO-AjAnu
- Transcribing agency: JO-AjAnu
100 ## - HEADING--PERSONAL NAME
- Personal name: الذنون، عبد الحكيم
670 ## - SOURCE DATA FOUND
- Source citation: Work cat.: (JO-AjAnu)10458: الذنون، عبد الحكيم, author, تاريخ القانون في العراق = The Ancient History Of Law In Irag - Mesoptamia